[Event "DEM U18 2012"]
[Site "Oberhof GER"]
[Date "2012.06.01"]
[Round "8"]
[White "Faldum, Manfred"]
[Black "Boes, Christoph"]
[Result "1/2-1/2"]
[Termination "normal"]
[Board "12"]
[WhiteElo "1971"]
[BlackElo "1927"]
[PlyCount "62"]
[WhiteFideId "12921459"]
[BlackFideId "1270004"]
[EventCountry "GER"]
[EventRounds "9"]
[EventType "swiss"]
[EventDate "2012.05.26"]

1. e4 c5 2. d3 Nc6 3. g3 e6 4. Bg2 Nge7 5. Nf3 d6 6. O-O g6 7. c3 Bg7 8. d4
cxd4 9. cxd4 d5 10. e5 O-O 11. Nc3 f6 12. exf6 Bxf6 13. Ne2 Nf5 14. b3 Bd7 15.
Re1 Rc8 16. Ba3 Re8 17. Qd2 Bg7 18. g4 Nh4 19. g5 Nxg2 20. Kxg2 a5 21. h4 a4
22. h5 Qc7 23. hxg6 hxg6 24. Qd3 Ne7 25. Bxe7 Rxe7 26. Qxg6 Be8 27. Qd3 Qc2 28.
Qxc2 Rxc2 29. Nf4 Kf7 30. Rec1 Rec7 31. Rxc2 Rxc2 1/2-1/2

[Event "DEM U18 2012"]
[Site "Oberhof GER"]
[Date "2012.06.01"]
[Round "8"]
[White "Dünzel, Jonas"]
[Black "Karthäuser, Johannes"]
[Result "0-1"]
[Termination "normal"]
[Board "13"]
[WhiteElo "2055"]
[BlackElo "1954"]
[PlyCount "62"]
[WhiteFideId "24631167"]
[EventCountry "GER"]
[EventRounds "9"]
[EventType "swiss"]
[EventDate "2012.05.26"]

1. e4 e6 2. d4 d5 3. Nc3 Bb4 4. exd5 exd5 5. Bd3 Nf6 6. Nge2 Bg4 7. f3 Bh5 8.
Nf4 Bg6 9. Qe2+ Be7 10. Nxg6 hxg6 11. Be3 c5 12. dxc5 O-O 13. Qf2 Nc6 14. Ne2
Nd7 15. c3 Nce5 16. Bc2 Nc4 17. b4 a5 18. Bd4 axb4 19. cxb4 b6 20. O-O bxc5 21.
bxc5 Rc8 22. Rfd1 Nxc5 23. f4 Ne6 24. f5 Nxd4 25. Nxd4 Bc5 26. Kh1 Qg5 27. Rd3
Ne5 28. Rg3 Qh4 29. Rd1 Bxd4 30. Rxd4 Rxc2 31. Qg1 Qxd4 0-1

[Event "DEM U18 2012"]
[Site "Oberhof GER"]
[Date "2012.06.02"]
[Round "9"]
[White "Schreiner, Till"]
[Black "Klek, Hanna Marie"]
[Result "1/2-1/2"]
[Termination "normal"]
[Board "1"]
[WhiteElo "2219"]
[BlackElo "2220"]
[PlyCount "97"]
[WhiteFideId "24675555"]
[BlackFideId "24670057"]
[EventCountry "GER"]
[EventRounds "9"]
[EventType "swiss"]
[EventDate "2012.05.26"]

1. d4 d5 2. c4 e6 3. Nc3 Be7 4. cxd5 exd5 5. Bf4 Nf6 6. Qc2 O-O 7. e3 Be6 8.
Nf3 h6 9. h3 c5 10. dxc5 Bxc5 11. Be2 Nc6 12. O-O Qe7 13. Rac1 Rac8 14. Rfd1
Rfd8 15. a3 Bd6 16. Bxd6 Rxd6 17. b4 Qd8 18. Rd2 a6 19. Qd1 Bf5 20. b5 Ne7 21.
Nd4 Qa5 22. Nb1 Rxc1 23. Qxc1 Bxb1 24. Nb3 Qb6 25. Qxb1 Ne4 26. Rb2 a5 27. Nd4
Rf6 28. Bf3 Nd6 29. Qd3 Nc4 30. Rc2 Ne5 31. Qb3 Qd6 32. Qc3 Kh7 33. Qc5 Nxf3+
34. Nxf3 Nf5 35. Qxd6 Nxd6 36. Rc5 Nc4 37. a4 Nb6 38. Rc7 Nxa4 39. Rxb7 Rb6 40.
Rxf7 Rxb5 41. Nd4 Rb1+ 42. Kh2 Nc5 43. Rc7 Ne4 44. Ra7 Nxf2 45. Rxa5 Rh1+ 46.
Kg3 Ne4+ 47. Kf4 Rf1+ 48. Nf3 Nf6 49. h4 1/2-1/2

[Event "DEM U18 2012"]
[Site "Oberhof GER"]
[Date "2012.06.02"]
[Round "9"]
[White "Mons, Leon"]
[Black "Zimmermann, Ulrich"]
[Result "1-0"]
[Termination "normal"]
[Board "2"]
[WhiteTitle "FM"]
[WhiteElo "2345"]
[BlackElo "2207"]
[PlyCount "109"]
[WhiteFideId "4614950"]
[BlackFideId "24654523"]
[EventCountry "GER"]
[EventRounds "9"]
[EventType "swiss"]
[EventDate "2012.05.26"]

1. c4 Nf6 2. g3 g6 3. Bg2 Bg7 4. Nc3 O-O 5. Nf3 c5 6. O-O Nc6 7. d4 d6 8. e3
Bf5 9. b3 Ne4 10. Bb2 Qa5 11. Rc1 Nxc3 12. Bxc3 Qxa2 13. Nh4 Qa6 14. Nxf5 gxf5
15. d5 Ne5 16. Qh5 e6 17. e4 fxe4 18. dxe6 f5 19. Bh3 Nf3+ 20. Kg2 Bxc3 21. e7
Rf7 22. Bxf5 d5 23. Rxc3 Qf6 24. cxd5 Qxf5 25. Qxf5 Rxf5 26. Rxc5 Kf7 27. Rc7
Rxd5 28. Rxb7 Rh5 29. h3 a5 30. g4 Rh6 31. Ra1 Ke8 32. Ra4 Ne1+ 33. Kg3 Nd3 34.
b4 Rf6 35. Rxa5 Rf3+ 36. Kh4 Rxa5 37. bxa5 Nf4 38. a6 Rxh3+ 39. Kg5 Ne6+ 40.
Kf6 Rh6+ 41. Ke5 Nc5 42. a7 Ra6 43. Rb8+ Kxe7 44. a8=Q Rxa8 45. Rxa8 Nd3+ 46.
Kxe4 Nxf2+ 47. Kf5 Kf7 48. Ra7+ Kg8 49. Ra2 Nd3 50. Kf6 h6 51. Ra8+ Kh7 52.
Ra7+ Kg8 53. Kg6 Ne5+ 54. Kh5 Kh8 55. Re7 1-0

[Event "DEM U18 2012"]
[Site "Oberhof GER"]
[Date "2012.06.02"]
[Round "9"]
[White "Berchtenbreiter, Maximilian"]
[Black "Braun, Georg"]
[Result "1-0"]
[Termination "normal"]
[Board "3"]
[WhiteTitle "FM"]
[WhiteElo "2332"]
[BlackElo "2187"]
[PlyCount "57"]
[WhiteFideId "24641120"]
[BlackFideId "24629383"]
[EventCountry "GER"]
[EventRounds "9"]
[EventType "swiss"]
[EventDate "2012.05.26"]

1. e4 c6 2. d4 d5 3. exd5 cxd5 4. c4 Nf6 5. Nc3 g6 6. cxd5 Nxd5 7. Bc4 Nb6 8.
Bb3 Bg7 9. Nf3 Nc6 10. Be3 O-O 11. h3 Na5 12. d5 Nxb3 13. axb3 Bxc3+ 14. bxc3
Nxd5 15. Bh6 Re8 16. Qd2 Nf6 17. Qe2 Qb6 18. Qb2 Be6 19. Nd2 a6 20. O-O Bd5 21.
Rfe1 Qc7 22. c4 Bc6 23. Re5 Rad8 24. b4 b6 25. Nf1 Rd6 26. Ne3 Red8 27. Re1 Qc8
28. Rxe7 Rd4 29. Nd5 1-0

[Event "DEM U18 2012"]
[Site "Oberhof GER"]
[Date "2012.06.02"]
[Round "9"]
[White "Cremer, Jan Paul"]
[Black "Miller, Eduard"]
[Result "0-1"]
[Termination "normal"]
[Board "4"]
[WhiteElo "2089"]
[BlackElo "2156"]
[PlyCount "76"]
[WhiteFideId "24686115"]
[BlackFideId "24687022"]
[EventCountry "GER"]
[EventRounds "9"]
[EventType "swiss"]
[EventDate "2012.05.26"]

1. e4 c5 2. Nf3 d6 3. d4 cxd4 4. Nxd4 Nf6 5. Nc3 g6 6. Be3 Bg7 7. f3 a6 8. Qd2
Nbd7 9. O-O-O b5 10. Bh6 Bxh6 11. Qxh6 Bb7 12. Kb1 Rc8 13. Qd2 Nc5 14. Bd3 Qb6
15. g4 b4 16. Nce2 d5 17. e5 Nfd7 18. f4 a5 19. Rhe1 Ba6 20. Bxa6 Qxa6 21. Nb3
Nxb3 22. axb3 e6 23. f5 a4 24. Qxb4 axb3 25. Qxb3 Ra8 26. Kc1 O-O 27. Nd4 Rfb8
28. Qa3 Qb6 29. Qc3 Rc8 30. Qd3 Nc5 31. Qe3 Ne4 32. c3 Ra1+ 33. Kc2 Ra2 34. Rb1
Rxc3+ 35. Qxc3 Nxc3 36. Kxc3 Qc5+ 37. Kd3 Ra4 38. b4 Qc4+ 0-1

[Event "DEM U18 2012"]
[Site "Oberhof GER"]
[Date "2012.06.02"]
[Round "9"]
[White "Wenninger, Philipp"]
[Black "Hahn, Markus"]
[Result "1-0"]
[Termination "normal"]
[Board "5"]
[WhiteElo "2205"]
[BlackElo "2148"]
[PlyCount "73"]
[WhiteFideId "4648404"]
[BlackFideId "24654647"]
[EventCountry "GER"]
[EventRounds "9"]
[EventType "swiss"]
[EventDate "2012.05.26"]

1. d4 Nf6 2. c4 e6 3. Nf3 Bb4+ 4. Bd2 Qe7 5. g3 Nc6 6. Nc3 O-O 7. Bg2 Na5 8. b3
b6 9. Qc2 Bb7 10. O-O Rac8 11. a3 Bxa3 12. e4 Nxe4 13. Nxe4 Bxe4 14. Qxe4 Nxb3
15. Ra2 Nxd2 16. Rxd2 c6 17. d5 cxd5 18. cxd5 a5 19. Rfd1 Rc1 20. Rxc1 Bxc1 21.
d6 Qf6 22. Rd1 Bb2 23. Qa4 Qc3 24. Qxd7 Qb3 25. Rd2 a4 26. Rxb2 Qxb2 27. Qxa4
b5 28. Qd4 Qc1+ 29. Bf1 Qa3 30. d7 Rd8 31. Ne5 Qa4 32. Qb6 Qa8 33. Bxb5 h5 34.
Bc6 Qa1+ 35. Kg2 Rxd7 36. Nxd7 h4 37. Qd8+ 1-0

[Event "DEM U18 2012"]
[Site "Oberhof GER"]
[Date "2012.06.02"]
[Round "9"]
[White "Becker, Matthias"]
[Black "Zuferi, Enis"]
[Result "0-1"]
[Termination "normal"]
[Board "7"]
[WhiteElo "2007"]
[BlackElo "2045"]
[PlyCount "106"]
[WhiteFideId "12915564"]
[BlackFideId "24692530"]
[EventCountry "GER"]
[EventRounds "9"]
[EventType "swiss"]
[EventDate "2012.05.26"]

1. e4 c5 2. Nf3 d6 3. Bb5+ Nd7 4. d4 Ngf6 5. O-O cxd4 6. Qxd4 e5 7. Qd3 h6 8.
c4 Be7 9. Nc3 O-O 10. Bxd7 Bxd7 11. Rd1 a6 12. c5 dxc5 13. Bxh6 Qc7 14. Bg5 Be6
15. Bxf6 Bxf6 16. Nd5 Bxd5 17. exd5 c4 18. Qe4 Rfd8 19. Rac1 Rac8 20. Rc3 b5
21. Nh4 b4 22. Rh3 c3 23. bxc3 bxc3 24. Nf5 c2 25. Rc1 g6 26. Ne3 Qa5 27. g4
Qxa2 28. Rxc2 Rxc2 29. Qxc2 Qxc2 30. Nxc2 Rxd5 31. Ra3 a5 32. Ne3 Be7 33. Ra4
Rb5 34. Kg2 Kg7 35. Nc4 Rb4 36. Rxb4 axb4 37. Nd2 Kf6 38. Kf3 Ke6 39. Ke2 Kd5
40. Kd3 f5 41. gxf5 gxf5 42. f3 Bg5 43. Nb3 e4+ 44. fxe4+ fxe4+ 45. Kc2 Be7 46.
Kd2 Kc4 47. Na5+ Kb5 48. Nb3 Ka4 49. Nd4 Bg5+ 50. Kc2 Ka3 51. Nb3 Ka2 52. Nc5
e3 53. Ne4 e2 0-1

[Event "DEM U18 2012"]
[Site "Oberhof GER"]
[Date "2012.06.02"]
[Round "9"]
[White "Mertens, Fridolin"]
[Black "Friedrich, Wiede"]
[Result "0-1"]
[Termination "normal"]
[Board "8"]
[WhiteElo "2038"]
[BlackElo "2251"]
[PlyCount "90"]
[WhiteFideId "24671940"]
[BlackFideId "24629537"]
[EventCountry "GER"]
[EventRounds "9"]
[EventType "swiss"]
[EventDate "2012.05.26"]

1. e4 c5 2. Nf3 d6 3. d4 cxd4 4. Nxd4 Nf6 5. Nc3 a6 6. Bg5 e6 7. f4 h6 8. Bh4
Qb6 9. Qd2 Qxb2 10. Rb1 Qa3 11. Be2 Be7 12. Nf3 O-O 13. O-O Nbd7 14. Kh1 Qc5
15. Bf2 Qc6 16. e5 dxe5 17. fxe5 Ng4 18. Bg3 Qc5 19. h3 Ne3 20. Rfe1 Nf5 21.
Bf4 b5 22. Bd3 Bb7 23. Bxf5 exf5 24. Nd4 Bh4 25. Re2 Rac8 26. Ncxb5 axb5 27.
Rxb5 Qa7 28. Nxf5 Ba6 29. Ra5 Qb6 30. Rxa6 Qxa6 31. Nxh4 Rfd8 32. Qe3 Qe6 33.
Nf3 Qxa2 34. Nd4 Nf8 35. Nf5 Qe6 36. Nd6 Ra8 37. c4 Ng6 38. Bg3 h5 39. Re1 h4
40. Bh2 Ra2 41. Qb6 Rda8 42. c5 Rxg2 43. Kxg2 Ra2+ 44. Kf3 Qxh3+ 45. Ke4 Ra4+
0-1

[Event "DEM U18 2012"]
[Site "Oberhof GER"]
[Date "2012.06.02"]
[Round "9"]
[White "Budszuhn, Timo"]
[Black "Kramer, Julian"]
[Result "1-0"]
[Termination "normal"]
[Board "9"]
[WhiteElo "1964"]
[BlackElo "2052"]
[PlyCount "65"]
[WhiteFideId "1270607"]
[BlackFideId "12921742"]
[EventCountry "GER"]
[EventRounds "9"]
[EventType "swiss"]
[EventDate "2012.05.26"]

1. e4 c5 2. Nf3 d6 3. d4 cxd4 4. Nxd4 Nf6 5. Nc3 a6 6. Be2 e5 7. Nb3 Be7 8. O-O
O-O 9. Be3 Be6 10. f4 exf4 11. Bxf4 Nc6 12. Kh1 d5 13. e5 Ne4 14. Bd3 Nxc3 15.
bxc3 g6 16. Nd4 Qd7 17. Qe1 Rfe8 18. Rb1 b5 19. Qg3 Rab8 20. Bh6 Bf8 21. Bg5 b4
22. Nxe6 fxe6 23. Bf6 Bg7 24. h4 bxc3 25. Rbe1 Bxf6 26. Rxf6 Re7 27. h5 Rg7 28.
h6 Re7 29. Bxg6 hxg6 30. Qxg6+ Kh8 31. Ref1 Qe8 32. Rf7 Rxf7 33. Rxf7 1-0

[Event "DEM U18 2012"]
[Site "Oberhof GER"]
[Date "2012.06.02"]
[Round "9"]
[White "Boes, Christoph"]
[Black "Brodmann, Anton"]
[Result "1-0"]
[Termination "normal"]
[Board "11"]
[WhiteElo "1927"]
[BlackElo "1937"]
[PlyCount "71"]
[WhiteFideId "1270004"]
[BlackFideId "24655481"]
[EventCountry "GER"]
[EventRounds "9"]
[EventType "swiss"]
[EventDate "2012.05.26"]

1. e4 e6 2. d3 d5 3. Nd2 Nf6 4. Ngf3 b6 5. g3 dxe4 6. dxe4 Bb7 7. Qe2 Nc6 8. c3
a5 9. Bg2 Be7 10. O-O O-O 11. Rd1 Ra7 12. e5 Nd5 13. c4 Ndb4 14. Ne4 Qa8 15.
Bf4 Na6 16. Nc3 Qc8 17. h4 Nc5 18. h5 a4 19. h6 g6 20. Ng5 Nd7 21. Nf3 Ra5 22.
Rd2 f6 23. exf6 Rxf6 24. Bg5 Rxf3 25. Qxe6+ Rf7 26. Bxe7 Nce5 27. Nd5 Bxd5 28.
Bxd5 c6 29. Bg2 Qe8 30. f4 Qxe7 31. Qxe7 Rxe7 32. fxe5 Raxe5 33. Bxc6 Nf6 34.
Bxa4 Re3 35. Rf1 Ne8 36. Rdf2 1-0

[Event "DEM U18 2012"]
[Site "Oberhof GER"]
[Date "2012.06.02"]
[Round "9"]
[White "Riederer, Martin"]
[Black "Faldum, Manfred"]
[Result "1-0"]
[Termination "normal"]
[Board "13"]
[WhiteElo "1912"]
[BlackElo "1971"]
[PlyCount "75"]
[WhiteFideId "12903140"]
[BlackFideId "12921459"]
[EventCountry "GER"]
[EventRounds "9"]
[EventType "swiss"]
[EventDate "2012.05.26"]

1. d4 Nf6 2. c4 g6 3. Nc3 Bg7 4. e4 O-O 5. Nf3 c6 6. e5 Ne8 7. Bf4 d6 8. Be2
Bg4 9. exd6 Nxd6 10. Ne5 Bxe2 11. Qxe2 Nf5 12. d5 Nd4 13. Qd2 c5 14. O-O Nd7
15. Rfe1 Nb6 16. b3 Nc8 17. Ne2 Nxe2+ 18. Rxe2 Nd6 19. Rae1 Re8 20. Nf3 Qd7 21.
Be5 Nf5 22. Bc3 Rab8 23. Ne5 Qc7 24. Qb2 Rbd8 25. Qa3 b6 26. Qb2 b5 27. Nc6
Bxc3 28. Qxc3 b4 29. Qh3 Rd7 30. g4 Nd6 31. Qh6 f6 32. Qe3 Nb7 33. Qe6+ Kg7 34.
g5 fxg5 35. Ne5 Rdd8 36. Qf7+ Kh8 37. Nxg6+ hxg6 38. Rxe7 1-0

[Event "DEM U18w 2012"]
[Site "Oberhof GER"]
[Date "2012.05.27"]
[Round "1"]
[White "Schulz, Anja"]
[Black "Mehling, Franziska"]
[Result "1-0"]
[Termination "normal"]
[Board "1"]
[WhiteElo "2124"]
[BlackElo "1732"]
[PlyCount "43"]
[WhiteFideId "24647845"]
[BlackFideId "12900133"]
[EventCountry "GER"]
[EventRounds "9"]
[EventType "swiss"]
[EventDate "2012.05.26"]

1. e4 e6 2. d4 d5 3. Nc3 Nf6 4. e5 Nfd7 5. Nf3 c5 6. dxc5 Bxc5 7. Bd3 Nc6 8.
Bf4 a6 9. O-O Be7 10. Re1 Nc5 11. a3 Bd7 12. Bf1 b5 13. b4 Nb7 14. Nd4 Rc8 15.
Nxc6 Bxc6 16. Qd4 Qc7 17. Bd2 Nd8 18. a4 Rb8 19. axb5 axb5 20. Ra5 Qb7 21. Rea1
O-O 22. Ra7 1-0

[Event "DEM U18w 2012"]
[Site "Oberhof GER"]
[Date "2012.05.27"]
[Round "1"]
[White "Marx, Inga"]
[Black "Kühnel, Lena"]
[Result "0-1"]
[Termination "normal"]
[Board "2"]
[WhiteElo "1804"]
[BlackElo "1927"]
[PlyCount "56"]
[WhiteFideId "4654749"]
[BlackFideId "24640956"]
[EventCountry "GER"]
[EventRounds "9"]
[EventType "swiss"]
[EventDate "2012.05.26"]

1. e4 c5 2. Nf3 e6 3. d4 cxd4 4. Nxd4 a6 5. Nc3 Qc7 6. g3 Nf6 7. Bg2 Bc5 8. O-O
d6 9. h3 Nbd7 10. a4 Rb8 11. Nb3 Ba7 12. Bf4 Ne5 13. Qe2 O-O 14. Be3 Bxe3 15.
Qxe3 Nc4 16. Qc1 Bd7 17. Nd2 b5 18. axb5 axb5 19. Nxc4 Qxc4 20. Qd2 b4 21. Na2
Nxe4 22. Bxe4 Qxe4 23. Qxd6 Bc6 24. f3 Qe3+ 25. Kg2 Rfd8 26. Rae1 Bxf3+ 27. Kh2
Qh6 28. Qc7 Qd2+ 0-1

[Event "DEM U18w 2012"]
[Site "Oberhof GER"]
[Date "2012.05.27"]
[Round "1"]
[White "Tran, My Linh"]
[Black "Serif, Amelie"]
[Result "1-0"]
[Termination "normal"]
[Board "3"]
[WhiteElo "2030"]
[BlackElo "1754"]
[PlyCount "151"]
[WhiteFideId "24682462"]
[EventCountry "GER"]
[EventRounds "9"]
[EventType "swiss"]
[EventDate "2012.05.26"]

1. e4 c5 2. Nf3 g6 3. d4 cxd4 4. Nxd4 Bg7 5. c4 Nc6 6. Nc2 Nf6 7. Nc3 d6 8. Be2
Bd7 9. Be3 a5 10. O-O O-O 11. f3 Rc8 12. Qd2 Ne5 13. Na3 Nc6 14. Rfe1 Re8 15.
Bf1 Nb4 16. Qf2 Ra8 17. Bb6 Qc8 18. Rad1 Bc6 19. Nab5 Bxb5 20. Nxb5 Rf8 21. Nc7
Rb8 22. Bxa5 Nc6 23. Bb6 Nd7 24. Nd5 Ra8 25. b4 e6 26. Nc7 Nxb6 27. Qxb6 Rxa2
28. Nb5 Ra6 29. Qf2 Nxb4 30. Rxd6 Rxd6 31. Nxd6 Qc7 32. Nb5 Qd7 33. Qb6 Nc6 34.
Kh1 Ra8 35. Qe3 Rd8 36. Qf2 Ne5 37. Rb1 Nd3 38. Qe3 Ne5 39. Qf2 Qd2 40. Qb6 Qd7
41. Be2 Nc6 42. Qf2 Qd2 43. g3 Qc2 44. Rg1 Rd2 45. Rg2 Na5 46. Qf1 Nxc4 47.
Bxc4 Rxg2 48. Qxg2 Qxc4 49. Nd6 Qd3 50. Nc8 Qd1+ 51. Qg1 Qxf3+ 52. Qg2 Qd1+ 53.
Qg1 Qd3 54. Qg2 Bd4 55. h3 Bc5 56. e5 b5 57. Nd6 Bxd6 58. exd6 Qxd6 59. Qa8+
Kg7 60. Qa1+ e5 61. Qb2 Qd5+ 62. Kh2 f5 63. Qc2 Kf6 64. Qf2 Qc6 65. Qd2 e4 66.
Qd8+ Kf7 67. Qd2 Ke6 68. Qa2+ Qd5 69. Qa6+ Ke5 70. Qa1+ Qd4 71. Qc1 e3 72. Qc7+
Qd6 73. Qc3+ Qd4 74. Qc7+ Ke4 75. Qc2+ Kf3 76. Qg2# 1-0

[Event "DEM U18w 2012"]
[Site "Oberhof GER"]
[Date "2012.05.27"]
[Round "1"]
[White "Zeller, Elisa"]
[Black "Schrader, Elanor"]
[Result "0-1"]
[Termination "normal"]
[Board "5"]
[WhiteElo "1828"]
[BlackElo "1597"]
[PlyCount "125"]
[WhiteFideId "24662410"]
[BlackFideId "12951919"]
[EventCountry "GER"]
[EventRounds "9"]
[EventType "swiss"]
[EventDate "2012.05.26"]

1. e4 c5 2. Nf3 Nc6 3. d4 cxd4 4. Nxd4 g6 5. Be3 Bg7 6. Nc3 Nf6 7. f3 O-O 8.
Qd2 d5 9. O-O-O dxe4 10. Qe1 Qa5 11. Nb3 Qf5 12. h3 exf3 13. g4 Qe5 14. Bc4 Be6
15. Bxe6 Qxe6 16. Nc5 Qc8 17. g5 Nh5 18. Nd5 b6 19. Ne4 Qf5 20. Ng3 Nxg3 21.
Qxg3 e6 22. Qd6 exd5 23. Qxc6 Rac8 24. Qa4 Rc4 25. Qb3 Rfc8 26. Rd2 d4 27. Bf2
Qxg5 28. Re1 Bh6 29. Red1 Qf5 30. Kb1 Bxd2 31. Rxd2 Qxh3 32. a3 Qf1+ 33. Ka2 d3
34. Qxd3 Qxd3 35. Rxd3 Rxc2 36. Rxf3 h5 37. Bh4 Rh2 38. Bf6 h4 39. Rf4 Rc5 40.
Re4 g5 41. Rg4 Kh7 42. Bxg5 h3 43. Be7 Rcc2 44. Bf6 Rh1 45. Kb3 Rf2 46. Bd4 Rg2
47. Rf4 Kg6 48. Rf6+ Kg5 49. Rxf7 Rg3+ 50. Ka2 Rd3 51. Be5 h2 52. Rh7 Rd2 53.
Kb3 Kf5 54. Bb8 Rb1 55. Kc3 Rbxb2 56. Bxa7 Rbc2+ 57. Kb3 Rc1 58. Bxb6 h1=Q 59.
Rxh1 Rxh1 60. Ba5 Rd4 61. Kc3 Rg4 62. Kd2 Rh3 63. Kd1 0-1

[Event "DEM U18w 2012"]
[Site "Oberhof GER"]
[Date "2012.05.27"]
[Round "1"]
[White "Alt, Elisabeth"]
[Black "Stark, Saskia"]
[Result "0-1"]
[Termination "normal"]
[Board "6"]
[WhiteElo "1554"]
[BlackElo "1980"]
[PlyCount "142"]
[WhiteFideId "24692620"]
[BlackFideId "4601050"]
[EventCountry "GER"]
[EventRounds "9"]
[EventType "swiss"]
[EventDate "2012.05.26"]

1. d4 d5 2. Nf3 Nf6 3. e3 Bg4 4. Bd3 Nbd7 5. b3 e6 6. Bb2 Bb4+ 7. c3 Be7 8.
Nbd2 O-O 9. O-O c5 10. e4 cxd4 11. cxd4 dxe4 12. Nxe4 Qb6 13. Rc1 Rfd8 14. Bb1
Nxe4 15. Bxe4 Nf6 16. Qc2 Nxe4 17. Qxe4 Bf5 18. Qe2 Qa5 19. Bc3 Qd5 20. Rfd1
Bg4 21. Qd3 Ba3 22. Ra1 Bxf3 23. Qxf3 Qxf3 24. gxf3 Rac8 25. Rd3 Kf8 26. Rad1
Be7 27. R1d2 Rd5 28. Bb2 Bb4 29. Re2 Bd6 30. h3 Rd8 31. Rc2 Be5 32. Rc4 b5 33.
Rc6 Bxd4 34. Rxd4 Rxd4 35. Bxd4 Rxd4 36. Rc7 a5 37. Rc5 Rd5 38. Rc2 Ke7 39. Kg2
Kd6 40. f4 Rc5 41. Rd2+ Kc7 42. f3 Kb6 43. Kg3 Rc3 44. Rd7 Rc7 45. Rd2 Ra7 46.
a3 Kc5 47. Kf2 a4 48. Rc2+ Kd6 49. b4 Rc7 50. Rd2+ Ke7 51. Rd3 Kf6 52. Kg3 Kf5
53. Re3 f6 54. h4 Rc4 55. Rd3 Rxf4 56. Rd7 g5 57. hxg5 Kxg5 58. Rxh7 Rd4 59.
Rc7 Rd5 60. Rc5 Kf5 61. Rc3 Ke5 62. Rc1 Kd4 63. Rc6 Re5 64. Kf2 f5 65. Rc8 Rd5
66. Ke2 e5 67. Kd2 e4 68. fxe4 fxe4 69. Ke2 Rh5 70. Kd2 Rh2+ 71. Ke1 Ra2 0-1

[Event "DEM U18w 2012"]
[Site "Oberhof GER"]
[Date "2012.05.27"]
[Round "1"]
[White "Schmitt, Katrin"]
[Black "Nolte, Katharina"]
[Result "1-0"]
[Termination "normal"]
[Board "7"]
[WhiteElo "1827"]
[BlackElo "1507"]
[PlyCount "99"]
[WhiteFideId "24654400"]
[BlackFideId "12937584"]
[EventCountry "GER"]
[EventRounds "9"]
[EventType "swiss"]
[EventDate "2012.05.26"]

1. e4 c5 2. Nf3 Nc6 3. d4 cxd4 4. Nxd4 g6 5. c4 Bg7 6. Be3 Nf6 7. Nc3 d6 8. Be2
O-O 9. O-O Nxd4 10. Bxd4 Bd7 11. Qd2 a5 12. b3 Bc6 13. f3 Nd7 14. Be3 Nc5 15.
Rab1 Qc7 16. Rfc1 Rfc8 17. Rc2 Kh8 18. Bf1 Qd8 19. Kh1 Qc7 20. Nd5 Bxd5 21.
exd5 Qd7 22. Re1 b6 23. Bg5 Re8 24. Qf4 Kg8 25. Qh4 e6 26. dxe6 Rxe6 27. Rxe6
Nxe6 28. Be3 Rb8 29. Qf2 Qc7 30. Rd2 Nc5 31. Rd5 Qc6 32. Qd2 Rd8 33. Bf4 Bf8
34. Be2 Rd7 35. Bd1 Rd8 36. Bc2 Rd7 37. h3 Ne6 38. Bg3 Nc7 39. Rd3 Qc5 40. Bf2
Qc6 41. Rd4 Bg7 42. Be4 Qc5 43. Rd3 Qb4 44. Qxb4 axb4 45. Bxb6 Ne6 46. Bc6 Re7
47. Rxd6 Nf8 48. Be4 f5 49. Bd5+ Kh8 50. f4 1-0

[Event "DEM U18w 2012"]
[Site "Oberhof GER"]
[Date "2012.05.27"]
[Round "1"]
[White "Schäfer, Ann-Kathrin"]
[Black "Dietrich, Mareike"]
[Result "1/2-1/2"]
[Termination "normal"]
[Board "9"]
[WhiteElo "1701"]
[BlackElo "1433"]
[PlyCount "93"]
[WhiteFideId "24615412"]
[BlackFideId "12902470"]
[EventCountry "GER"]
[EventRounds "9"]
[EventType "swiss"]
[EventDate "2012.05.26"]

1. d4 f5 2. Nf3 Nf6 3. e3 g6 4. Bd3 Bg7 5. b3 O-O 6. Bb2 d6 7. Nbd2 Qe8 8. O-O
Nc6 9. Re1 e5 10. dxe5 dxe5 11. e4 f4 12. h3 h6 13. Bc4+ Kh7 14. Qe2 Nh5 15.
Rad1 Be6 16. Bxe6 Qxe6 17. Qb5 Rab8 18. Nc4 Rfe8 19. a3 a6 20. Qd5 b5 21. Qxe6
Rxe6 22. Ncd2 Rd8 23. Nb1 Red6 24. Nc3 Nf6 25. Rxd6 cxd6 26. Rd1 Rd7 27. Ne1
Ne7 28. f3 d5 29. exd5 Nfxd5 30. Ne4 Rc7 31. b4 Ne3 32. Rd6 Nc4 33. Rxa6 Nxb2
34. Nd6 Rc6 35. Rxc6 Nxc6 36. Nxb5 Nc4 37. Nd3 Bf8 38. Kf2 Kg7 39. Ke2 Ne3 40.
Ne1 Be7 41. g3 Kf7 42. Kd3 Ke6 43. c4 Nxb4+ 44. axb4 Bxb4 45. gxf4 Nxc4 46. Nc2
Nb2+ 47. Ke4 1/2-1/2

[Event "DEM U18w 2012"]
[Site "Oberhof GER"]
[Date "2012.05.27"]
[Round "1"]
[White "Bornschier, Lisa"]
[Black "Kostre, Margarita"]
[Result "0-1"]
[Termination "normal"]
[Board "10"]
[WhiteElo "1347"]
[BlackElo "1764"]
[PlyCount "88"]
[WhiteFideId "12951927"]
[BlackFideId "4673344"]
[EventCountry "GER"]
[EventRounds "9"]
[EventType "swiss"]
[EventDate "2012.05.26"]

1. c4 Nf6 2. Nc3 g6 3. g3 Bg7 4. Bg2 O-O 5. Nf3 d6 6. d3 c5 7. Rb1 Nc6 8. O-O
Nd7 9. Bd2 a5 10. a4 Nde5 11. Nxe5 Nxe5 12. Qc1 Re8 13. Bh6 Bh8 14. h3 Rb8 15.
Qf4 Bd7 16. Rfd1 Qc8 17. Kh2 Bc6 18. Bd5 Bxd5 19. Nxd5 Qc6 20. b3 Bg7 21. Bxg7
Kxg7 22. h4 Nd7 23. e4 e6 24. Ne3 f5 25. Kg1 Nf6 26. exf5 exf5 27. d4 Re4 28.
Qg5 Qc8 29. dxc5 Qxc5 30. Rxd6 Rf8 31. Rxf6 Rxf6 32. Nd5 Rfe6 33. Ne3 h6 34.
Qd8 Rxe3 35. fxe3 Qxe3+ 36. Kf1 Qf3+ 37. Kg1 Qxg3+ 38. Kf1 Qf3+ 39. Kg1 Qg4+
40. Kf1 Qf4+ 41. Kg1 Qe3+ 42. Kf1 Re8 43. Qc7+ Re7 44. Qxa5 Qd3+ 0-1

[Event "DEM U18w 2012"]
[Site "Oberhof GER"]
[Date "2012.05.27"]
[Round "2"]
[White "Kühnel, Lena"]
[Black "Schmitt, Katrin"]
[Result "1-0"]
[Termination "normal"]
[Board "2"]
[WhiteElo "1927"]
[BlackElo "1827"]
[PlyCount "75"]
[WhiteFideId "24640956"]
[BlackFideId "24654400"]
[EventCountry "GER"]
[EventRounds "9"]
[EventType "swiss"]
[EventDate "2012.05.26"]

1. e4 e5 2. Nf3 Nc6 3. Bc4 Bc5 4. Nc3 Nf6 5. d3 a6 6. Bg5 h6 7. Bxf6 Qxf6 8.
Nd5 Qd8 9. c3 d6 10. d4 Ba7 11. dxe5 dxe5 12. Qe2 Bd7 13. O-O-O O-O 14. Rd2 Qc8
15. Nxe5 Kh8 16. Nxd7 Qxd7 17. Nb6 Qxd2+ 18. Qxd2 Bxb6 19. Qf4 f6 20. Bd5 Ne5
21. Rd1 Rad8 22. Bxb7 Nd3+ 23. Rxd3 Rxd3 24. Bd5 c6 25. Kc2 cxd5 26. Kxd3 dxe4+
27. Kxe4 Re8+ 28. Kf5 Kh7 29. Kg4 Re5 30. h4 a5 31. b4 axb4 32. cxb4 Re2 33.
Qf5+ Kh8 34. Qb5 Re4+ 35. Kf3 Re6 36. a4 f5 37. a5 Ba7 38. Qd7 1-0

[Event "DEM U18w 2012"]
[Site "Oberhof GER"]
[Date "2012.05.27"]
[Round "2"]
[White "Kostre, Margarita"]
[Black "Tran, My Linh"]
[Result "1/2-1/2"]
[Termination "normal"]
[Board "3"]
[WhiteElo "1764"]
[BlackElo "2030"]
[PlyCount "67"]
[WhiteFideId "4673344"]
[BlackFideId "24682462"]
[EventCountry "GER"]
[EventRounds "9"]
[EventType "swiss"]
[EventDate "2012.05.26"]

1. e4 e5 2. Nc3 Nf6 3. f4 d6 4. Nf3 exf4 5. d4 d5 6. e5 Ne4 7. Bd3 Bb4 8. Bxf4
Nxc3 9. bxc3 Bxc3+ 10. Bd2 Bxa1 11. Qxa1 h6 12. O-O Be6 13. Qe1 Nc6 14. Qg3 Qd7
15. Qh4 Rg8 16. Rb1 b6 17. Ba6 Ne7 18. Rb3 Rb8 19. a4 c6 20. Bb4 Nf5 21. Qf2 h5
22. Ng5 Qd8 23. Bd2 Qc7 24. Bd3 Qd7 25. Be2 h4 26. Bh5 g6 27. Nh7 Kd8 28. Nf6
Qc7 29. Nxg8 gxh5 30. Bg5+ Kc8 31. Bxh4 Kb7 32. Nf6 Rh8 33. Bg5 h4 34. Rf3
1/2-1/2